|
|
|
|
| LEADER |
00738nab a2200181 i 4500 |
| 001 |
acta13428 |
| 005 |
20210531153842.0 |
| 008 |
161015s1934 hu o 0|| ger d |
| 022 |
|
|
|a 0324-5462
|
| 040 |
|
|
|a SZTE Egyetemi Kiadványok Repozitórium
|b hun
|
| 041 |
|
|
|a ger
|
| 100 |
1 |
|
|a Kerékjártó Béla
|
| 245 |
1 |
0 |
|a Topologische Charakterisierung der linearen Abbildungen
|h [elektronikus dokumentum] /
|c Kerékjártó Béla
|
| 260 |
|
|
|c 1934
|
| 300 |
|
|
|a 235-262
|
| 490 |
0 |
|
|a Acta litterarum ac scientiarum Regiae Universitatis Hungaricae Francisco-Josephinae : Sectio scientiarum mathematicarum
|v 6
|
| 695 |
|
|
|a Természettudomány, Matematika, Művelődés
|
| 856 |
4 |
0 |
|u http://acta.bibl.u-szeged.hu/13428/1/math_006_235-262.pdf
|z Dokumentum-elérés
|